Understanding research design and methods: (Record no. 46)

MARC details
000 -LEADER
fixed length control field 00864nam a22002297a 4500
003 - CONTROL NUMBER IDENTIFIER
control field OSt
005 - DATE AND TIME OF LATEST TRANSACTION
control field 20250808080639.0
008 - FIXED-LENGTH DATA ELEMENTS--GENERAL INFORMATION
fixed length control field 240523b |||||||| |||| 00| 0 eng d
020 ## - INTERNATIONAL STANDARD BOOK NUMBER
International Standard Book Number 9786214271290
040 ## - CATALOGING SOURCE
Original cataloging agency DWC-Main Lib
Transcribing agency OC
082 ## - DEWEY DECIMAL CLASSIFICATION NUMBER
Classification number Fil. 001.4 M722u 2023
100 ## - MAIN ENTRY--PERSONAL NAME
Personal name Molines - Siniguian, Madonna, S.
245 ## - TITLE STATEMENT
Title Understanding research design and methods:
Remainder of title basic business approach for undergraduate level/
Statement of responsibility, etc. Madonna S. Molines - Siniguian [and two others]
260 ## - PUBLICATION, DISTRIBUTION, ETC.
Place of publication, distribution, etc. Intramuros, Manila:
Name of publisher, distributor, etc. Unlimited Books Library Servcies and Publishing Inc.,
Date of publication, distribution, etc. c2023.
300 ## - PHYSICAL DESCRIPTION
Extent vii. 142 pages :
Other physical details illustrations ;
Dimensions 26cm.
504 ## - BIBLIOGRAPHY, ETC. NOTE
Bibliography, etc. note Includes bibliographical references.
650 ## - SUBJECT ADDED ENTRY--TOPICAL TERM
Topical term or geographic name entry element 1. Methods of research.
650 ## - SUBJECT ADDED ENTRY--TOPICAL TERM
Topical term or geographic name entry element 2. Writing a research.
700 ## - ADDED ENTRY--PERSONAL NAME
Personal name Espares- Ciocon, Jewelyn C.
700 ## - ADDED ENTRY--PERSONAL NAME
Personal name Sison, Jerome G.
942 ## - ADDED ENTRY ELEMENTS (KOHA)
Source of classification or shelving scheme Dewey Decimal Classification
Koha item type Book-Filipiniana
Call number prefix Fil.
Suppress in OPAC No
952 ## - LOCATION AND ITEM INFORMATION (KOHA)
--
Holdings
Withdrawn status Lost status Source of classification or shelving scheme Damaged status Not for loan Home library Current library Shelving location Date acquired Source of acquisition Cost, normal purchase price Total Checkouts Full call number Barcode Date last seen Copy number Price effective from Koha item type Uniform Resource Identifier
    Dewey Decimal Classification     College Library College Library Filipiniana 02/24/2024 School Fund 450.00   Fil. 001.4 M722u 2023 CL54040 05/23/2024 c1 05/23/2024 BK - FIL